000 01385cam a22003617a 4500
003 CHAP
005 20220329143055.0
008 051215d2005 mx d r 00110 spa d
010 _a91542
011 _a92514
035 _a103078
040 _cCHAP
090 _aTesis
100 0 0 _aQuintero de la Cruz, José Antonio.
_993414
245 1 0 _aRelación entre pruebas de calidad fisiológica de semillas de cebolla (Allium cepa L.) con el establecimiento en almácigo
_c/por José Antonio Quintero de la Cruz
260 _aChapingo, Méx. :
_bEl autor,
_c2005
300 _a58 h. :
_bgráfs. ; cuadros
502 _aTesis (Ing. Agr. Esp. en Fitotecnia) -- UACH. Departamento de Fitotecnia
590 _aALEPH
_b10
_c20130110
_lUCH01
_h1508
590 _aBATCH-UPD
_b10
_c20130110
_lUCH01
_h0337
590 _aBATCH-UPD
_b10
_c20130110
_lUCH01
_h2016
590 _aBATCH-UPD
_b10
_c20130410
_lUCH01
_h0010
590 _aBATCH-UPD
_b10
_c20130914
_lUCH01
_h0906
590 _aCONVERSION
_b10
_c20130109
_lUCH01
_h1351
650 1 4 _aCebolla
_xGerminación.
_920773
650 1 4 _aCebolla
_xSinaloa.
_920804
650 1 4 _aSemillas
_xFisiología y morfología.
_9103902
901 _aBK
905 _aMarco A. Mendoza T.
942 _cFOLL
949 _aTesis
_bBC
_cTES
_d1030781
_eTS1
_gDonaciØn
_h44475
_i103078
_sb
949 _aTesis
_bBC
_cTES
_d33724000967675
_eTS2
_fc.2
_gDonaciØn
_h44476
_i103078
_si
999 _c91542
_d91542